| 000 | 00624nam a2200241Ia 4500 | ||
|---|---|---|---|
| 003 | OSt | ||
| 005 | 20220924131754.0 | ||
| 006 | a|||||r|||| 00| 0 | ||
| 007 | ta | ||
| 008 | 220923b |||||||| |||| 00| 0 tel d | ||
| 020 | _c2.25 | ||
| 024 | _a328483 | ||
| 037 | _cTextual | ||
| 040 |
_aARTS _cARTS _btel |
||
| 041 |
_2tel _atel |
||
| 082 | _aM1, 35K7 | ||
| 100 | _aVenkatappaiah Velaga | ||
| 245 | 0 | _aPustakala bhadrata | |
| 260 |
_aVijayawada _bAdarsa grandhamandali _c1967 |
||
| 650 | _aBOOK INDUSTRY | ||
| 942 |
_hM1, 35K7 _cTEXL _2CC |
||
| 999 |
_c428156 _d428156 |
||